Demographics of Sydney 2021 - Language spoken at home by region - Statistics

General Stats
  • This quiz has been taken 72 times
  • The average score is 16 of 21
Answer Stats
Language Spoken at Home % Correct
Mandarin
100%
Arabic
97%
Cantonese
97%
Hindi
97%
Vietnamese
97%
Italian
92%
Spanish
92%
Greek
89%
Korean
89%
French
88%
Japanese
88%
Portuguese
80%
Thai
77%
Punjabi
72%
Tagalog
70%
Bengali
66%
Indonesian
66%
Nepali
56%
Gujarati
47%
Assyrian Neo-Aramaic
13%
Chaldean Neo-Aramaic
13%
No matching quizzes found
Score Distribution
Percent of People with Each Score
Percentile by Number Answered
Your Score History
You have not taken this quiz